000 01189nam a22002417a 4500
999 _c59528
_d59528
003 Ge_BSU
005 20230309134547.0
008 230309s2008 ge ||||| |||| 00| 0 geo d
020 _a9789941006876
041 _ageo
080 _a327(470):342.511(470) ტ-72
100 _aტოროშელიძე, იოსებ
_917148
245 _aპუტინის საგარეო პოლიტიკა /
_cიოსებ ტოროშელიძე ; ბთთკ-პოლიტიკის კვლევის ჯგუფი.
264 _aთბილისი :
_b Sida : ევრაზიის თანამშრომლობის ფონდი,
_c2008.
300 _a88 გვ. ;
_b20 სმ.
490 _aბთთკ-ს საერთაშორისო პოლიტიკის კვლევების სერია
500 _a
504 _aბიბლიოგრ.: გვ. 84-86.
653 _aრუსეთის საგარეო პოლიტიკა
653 _aრუსეთის პრეზიდენტები
653 _aპუტინი, ვლადიმირ.
942 _2udc
_cBK